[Event "10. Kreuzberg Open"]
[Site "Berlin"]
[Date "2009.07.22"]
[Round "5.11"]
[White "Bornschein, Burkhard"]
[Black "Pflantz, Mike"]
[Result "1-0"]
[WhiteElo "2019"]
[BlackElo "2184"]
[PlyCount "81"]
[EventDate "2009.??.??"]
[WhiteTeam "Schwarz-Weiß Neukölln e.V."]
[BlackTeam "SC Kreuzberg e.V."]

1. d4 Nf6 2. Nf3 e6 3. c4 b6 4. Nc3 Bb4 5. e3 Bb7 6. Bd3 Ne4 7. Bxe4 Bxe4 8.
Bd2 Bb7 9. a3 Be7 10. e4 d6 11. O-O Nd7 12. Re1 c5 13. d5 e5 14. Qc2 Bc8 15. h3
O-O 16. a4 a5 17. Rad1 f6 18. Nh4 g6 19. g3 Nb8 20. Kg2 f5 21. Nf3 Rf7 22. Re2
g5 23. Nh2 h5 24. f3 Bd7 25. exf5 Bxf5 26. Ne4 Nd7 27. g4 hxg4 28. Nxg4 Bxg4
29. fxg4 Nf8 30. Ng3 Rh7 31. Rf1 Qe8 32. Rf5 Ng6 33. Rf1 Ra7 34. Nf5 Nh4+ 35.
Nxh4 Rxh4 36. Qf5 Rh7 37. Qe6+ Kh8 38. Bxg5 Qd8 39. Ref2 Rg7 40. Bxe7 Qxe7 41.
Rf8+ 1-0

[Event "10. Kreuzberg Open"]
[Site "Berlin"]
[Date "2009.07.23"]
[Round "6.1"]
[White "Figura, Atila Gajo"]
[Black "Von Herman, Ulf"]
[Result "0-1"]
[WhiteElo "2436"]
[BlackElo "2400"]
[PlyCount "62"]
[EventDate "2009.??.??"]
[WhiteTeam "SC Kreuzberg e.V."]
[BlackTeam "SK König Tegel 1949 e.V."]

1. d4 Nf6 2. c4 e6 3. Nc3 Bb4 4. Qc2 d5 5. a3 Bxc3+ 6. Qxc3 Ne4 7. Qc2 Nc6 8.
e3 e5 9. f3 Qh4+ 10. g3 Nxg3 11. Qf2 Nf5 12. cxd5 Na5 13. dxe5 Nb3 14. Rb1 Qe7
15. Bb5+ c6 16. dxc6 O-O 17. Ba4 Nxc1 18. Rxc1 Qxe5 19. Rc3 bxc6 20. Bxc6 Rb8
21. f4 Qe6 22. b4 Ba6 23. Nf3 Rbc8 24. Ne5 Bb5 25. Qf3 Qa2 26. Rc5 Nh4 27. Qh5
Rxc6 28. Nxc6 Ng2+ 29. Kd1 Bxc6 30. Rg5 Rd8+ 31. Kc1 Qxa3+ 0-1

[Event "10. Kreuzberg Open"]
[Site "Berlin"]
[Date "2009.07.23"]
[Round "6.2"]
[White "Kupfer, Michael"]
[Black "Rabiega, Robert"]
[Result "0-1"]
[WhiteElo "2198"]
[BlackElo "2551"]
[PlyCount "80"]
[EventDate "2009.??.??"]
[WhiteTeam "SC Friesen Lichtenberg e.V."]
[BlackTeam "SK König Tegel 1949 e.V."]

1. e4 e5 2. Nf3 Nc6 3. Bc4 Nf6 4. Ng5 d5 5. exd5 Na5 6. Bb5+ c6 7. dxc6 bxc6 8.
Bd3 Nd5 9. Ne4 f5 10. Nec3 Bd6 11. Nxd5 cxd5 12. Bb5+ Bd7 13. Qh5+ g6 14. Qe2
O-O 15. Bxd7 Qxd7 16. Nc3 d4 17. Qb5 Nc6 18. Qd5+ Kg7 19. Nd1 Nb4 20. Qb3 Qc6
21. O-O Nxc2 22. Rb1 e4 23. Qh3 Nb4 24. b3 Qc2 25. Nc3 Nd3 26. Nb5 Qxb1 27. Ba3
Nf4 28. Rxb1 Nxh3+ 29. gxh3 Bxa3 30. Nxa3 Rac8 31. Nc4 Kf6 32. d3 Rc6 33. f3
Re8 34. fxe4 fxe4 35. Rf1+ Kg5 36. h4+ Kxh4 37. Rf7 exd3 38. Rf4+ Kg5 39. Rxd4
Re2 40. Rxd3 Rxa2 0-1

[Event "10. Kreuzberg Open"]
[Site "Berlin"]
[Date "2009.07.23"]
[Round "6.3"]
[White "Gaerths, Ronny"]
[Black "Abel, Dennes"]
[Result "0-1"]
[WhiteElo "2243"]
[BlackElo "2328"]
[PlyCount "122"]
[EventDate "2009.??.??"]
[WhiteTeam "Betriebsschach-TT/Wilheil-"]
[BlackTeam "Sfrd. Berlin 1903 e.V."]

1. c4 c6 2. e4 d5 3. exd5 cxd5 4. cxd5 Nf6 5. Nc3 Nxd5 6. Nf3 g6 7. Qb3 Nb6 8.
Bb5+ N8d7 9. O-O Bg7 10. d4 O-O 11. Bf4 Nf6 12. Rfe1 Bg4 13. Qd1 Nfd5 14. Be5
Bxe5 15. Rxe5 Rc8 16. h3 Bxf3 17. Qxf3 e6 18. Bf1 Qf6 19. Qg3 Rfd8 20. Rae1
Nxc3 21. bxc3 Rd7 22. R1e3 Rdc7 23. Rf3 Qe7 24. h4 Qd6 25. h5 Nd7 26. hxg6 fxg6
27. Ra5 Qxg3 28. Rxg3 a6 29. c4 Nf6 30. Re3 Kf7 31. Ra4 Rd8 32. c5 Nd5 33. Rh3
h5 34. Rf3+ Ke7 35. Rg3 Kf6 36. Rf3+ Kg7 37. Bc4 b5 38. Bxd5 bxa4 39. Bxe6 Rxd4
40. Rc3 Rc6 41. Bh3 Rd1+ 42. Kh2 Rd5 43. Rc4 Rcxc5 44. Rxa4 Ra5 45. Rxa5 Rxa5
46. Be6 Rc5 47. Bb3 Rc3 48. f3 Kf6 49. Kg3 a5 50. Kf4 a4 51. Bg8 g5+ 52. Kg3
Rc2 53. Kh3 a3 54. Bd5 Rd2 55. Bb3 Ke5 56. Bf7 Kf4 57. g3+ Kxf3 58. Bxh5+ Kf2
59. Bf7 Rd3 60. Kh2 Rxg3 61. Bh5 Re3 0-1

[Event "10. Kreuzberg Open"]
[Site "Berlin"]
[Date "2009.07.23"]
[Round "6.4"]
[White "Niehaus, Frank"]
[Black "Schlemermeyer, Wilhelm"]
[Result "0-1"]
[WhiteElo "2149"]
[BlackElo "2270"]
[PlyCount "46"]
[EventDate "2009.??.??"]
[WhiteTeam "Sfrd. Berlin 1903 e.V."]
[BlackTeam "SC Kreuzberg e.V."]

1. e4 e5 2. Nf3 Nc6 3. Bb5 a6 4. Ba4 Nf6 5. O-O Be7 6. Re1 b5 7. Bb3 d6 8. c3
O-O 9. h3 Na5 10. Bc2 c5 11. d4 Qc7 12. Nbd2 cxd4 13. cxd4 Nc6 14. d5 Nb4 15.
Bb1 a5 16. a3 Na6 17. b4 Bd7 18. Qb3 Rfc8 19. Bb2 Bd8 20. Bd3 Qa7 21. Qd1 Bb6
22. Qe2 Nh5 23. g3 Nxg3 0-1

[Event "10. Kreuzberg Open"]
[Site "Berlin"]
[Date "2009.07.23"]
[Round "6.5"]
[White "Shapiro, Yosip"]
[Black "Gebigke, Martin"]
[Result "0-1"]
[WhiteElo "2120"]
[BlackElo "2186"]
[PlyCount "108"]
[EventDate "2009.??.??"]
[WhiteTeam "SV Berolina Mitte e.V."]
[BlackTeam "SV Berolina Mitte e.V."]

1. Nf3 Nf6 2. c4 c5 3. Nc3 g6 4. g3 Bg7 5. Bg2 O-O 6. O-O Nc6 7. d4 cxd4 8.
Nxd4 Qb6 9. Nb3 d6 10. Be3 Qa6 11. Nb5 Rb8 12. a4 Ng4 13. Bc1 Qb6 14. h3 Nge5
15. Be3 Qd8 16. Rc1 a6 17. N5d4 Bd7 18. c5 d5 19. Bf4 Nb4 20. a5 Rc8 21. Qd2
Na2 22. Ra1 Nc4 23. Qe1 e5 24. Bxe5 Nxe5 25. Rxa2 Re8 26. Qb4 Rc7 27. Rd1 Qc8
28. Kh2 h5 29. Nf3 Nxf3+ 30. Bxf3 Bxh3 31. Rxd5 Be6 32. Rd3 Rd8 33. Qd2 Rdd7
34. Ra1 Bxb3 35. Rc1 Rxd3 36. Qxd3 Ba4 37. b4 Rd7 38. Bd5 Bb5 39. Qe4 Bc6 40.
Rd1 Bxd5 41. Rxd5 Rxd5 42. Qxd5 Bc3 43. Qc4 Be1 44. Kg2 Qf5 45. Qd4 Qb1 46.
Qd8+ Kg7 47. Qd4+ Kh7 48. Qd5 Qf5 49. Qxf5 gxf5 50. b5 Bxa5 51. c6 axb5 52.
cxb7 Bc7 53. Kf3 b4 54. Ke3 f4+ 0-1

[Event "10. Kreuzberg Open"]
[Site "Berlin"]
[Date "2009.07.23"]
[Round "6.6"]
[White "Kiesekamp, Marcos"]
[Black "Niechotz, Christopher"]
[Result "1-0"]
[WhiteElo "2334"]
[BlackElo "2082"]
[PlyCount "37"]
[EventDate "2009.??.??"]
[WhiteTeam "TuS Makkabi Berlin e.V."]
[BlackTeam "SC Kreuzberg e.V."]

1. e4 g6 2. d4 Bg7 3. Nc3 c6 4. f4 d5 5. e5 h5 6. Nf3 Bg4 7. Bd3 Nh6 8. Be3 e6
9. O-O Bf8 10. h3 Bxf3 11. Qxf3 h4 12. Ne2 Nf5 13. Bf2 Nd7 14. b3 Ba3 15. c4
Qe7 16. Kh2 O-O-O 17. Rab1 Kb8 18. cxd5 cxd5 19. Bxf5 1-0

[Event "10. Kreuzberg Open"]
[Site "Berlin"]
[Date "2009.07.23"]
[Round "6.7"]
[White "Giemsa, Stephan"]
[Black "Zschäbitz, Klaus"]
[Result "1/2-1/2"]
[WhiteElo "2301"]
[BlackElo "2101"]
[PlyCount "47"]
[EventDate "2009.??.??"]
[WhiteTeam "SK König Tegel 1949 e.V."]
[BlackTeam "BSG 1827 Eckbauer e.V."]

1. d4 e6 2. c4 Nf6 3. g3 d5 4. Bg2 dxc4 5. Nf3 a6 6. O-O Nc6 7. e3 Rb8 8. Nfd2
Na5 9. Qa4+ c6 10. b4 cxb3 11. axb3 b6 12. b4 Nb7 13. Bxc6+ Bd7 14. Bxd7+ Nxd7
15. Qxa6 Bxb4 16. Ba3 Bxa3 17. Nxa3 Nd6 18. Nac4 Nxc4 19. Nxc4 O-O 20. Rab1 Qc7
21. Qb5 Rfc8 22. Rb4 Nf6 23. Ne5 Qb7 24. Qd3 1/2-1/2

[Event "10. Kreuzberg Open"]
[Site "Berlin"]
[Date "2009.07.23"]
[Round "6.9"]
[White "Schatz, Walter"]
[Black "Bornschein, Burkhard"]
[Result "1-0"]
[WhiteElo "2219"]
[BlackElo "2019"]
[PlyCount "87"]
[EventDate "2009.??.??"]
[WhiteTeam "TSG Neuruppin"]
[BlackTeam "Schwarz-Weiß Neukölln e.V."]

1. Nf3 d5 2. d4 Nf6 3. c4 c6 4. Nc3 g6 5. Bf4 a6 6. e3 Bg7 7. h3 O-O 8. c5 Ne4
9. Nxe4 dxe4 10. Nd2 Bf5 11. Qb3 Nd7 12. g4 e5 13. gxf5 exf4 14. fxg6 hxg6 15.
O-O-O fxe3 16. fxe3 b6 17. cxb6 Rb8 18. b7 c5 19. d5 c4 20. Nxc4 Nc5 21. Qb6
Qxb6 22. Nxb6 Rxb7 23. Nc4 Rc8 24. b3 a5 25. Kc2 Ra7 26. Rh2 Na6 27. Kb1 a4 28.
Nb6 Rb8 29. Nxa4 Nc7 30. Nc5 Be5 31. Rc2 Ne8 32. a4 Bd6 33. Ka2 f5 34. Ne6 Kf7
35. Rc6 Ke7 36. Bc4 Kd7 37. Rg1 Be5 38. Rxg6 Nd6 39. Nc5+ Ke7 40. Re6+ Kf7 41.
Rxe5 Nxc4 42. bxc4 Rb4 43. Rxf5+ Kg7 44. Ka3 1-0

[Event "10. Kreuzberg Open"]
[Site "Berlin"]
[Date "2009.07.23"]
[Round "6.10"]
[White "Grassi, Fabrizio"]
[Black "Albrecht, Rainer"]
[Result "1/2-1/2"]
[WhiteElo "1952"]
[BlackElo "2141"]
[PlyCount "62"]
[EventDate "2009.??.??"]
[WhiteTeam "SV Berlin-Friedrichstadt"]
[BlackTeam "SC Kreuzberg e.V."]

1. d4 e6 2. Bf4 f5 3. e3 Nf6 4. Nf3 b6 5. Bd3 Bb7 6. Nbd2 Be7 7. h3 O-O 8. c3
Be4 9. Qc2 Bxd3 10. Qxd3 c5 11. dxc5 bxc5 12. Bd6 Nd5 13. Bxe7 Qxe7 14. a3 Nc6
15. c4 Nf6 16. O-O Rab8 17. Rab1 g6 18. e4 fxe4 19. Nxe4 Nxe4 20. Qxe4 Rb3 21.
Rfd1 Rfb8 22. Qc2 Qg7 23. Rd2 R8b7 24. Qd1 Na5 25. Rd3 Rxb2 26. Rxb2 Qxb2 27.
Rxd7 Rxd7 28. Qxd7 Qc1+ 29. Kh2 Qf4+ 30. Kg1 Qc1+ 31. Kh2 Qf4+ 1/2-1/2

[Event "10. Kreuzberg Open"]
[Site "Berlin"]
[Date "2009.07.23"]
[Round "6.11"]
[White "Richter, Götz"]
[Black "Krausser, Helmut"]
[Result "1/2-1/2"]
[WhiteElo "2019"]
[BlackElo "2118"]
[PlyCount "88"]
[EventDate "2009.??.??"]
[WhiteTeam "Klub Kölner Schachfreunde e.V. 1"]
[BlackTeam "SC Unterpfaffenhofen"]

1. e4 c6 2. d4 d5 3. Nd2 g6 4. Ngf3 Bg7 5. h3 Nf6 6. Bd3 dxe4 7. Nxe4 Nxe4 8.
Bxe4 O-O 9. O-O Nd7 10. c3 Nf6 11. Bd3 Qc7 12. Re1 Re8 13. Ne5 Nd7 14. Bf4 Nxe5
15. Bxe5 Bxe5 16. Rxe5 b6 17. Qd2 f6 18. Re4 e5 19. Rae1 Bf5 20. Bc4+ Kg7 21.
R4e3 b5 {(=)} 22. Bb3 Re7 23. g4 Be6 24. dxe5 fxe5 25. Rxe5 Rd7 26. Qg5 h6 27.
Qh4 Bxb3 28. axb3 Rf8 29. g5 h5 30. Qe4 Rff7 31. Re6 Rf5 32. Rxg6+ Kxg6 33.
Qe6+ Kxg5 34. h4+ Kxh4 35. Qxf5 Rg7+ 36. Kh1 Qd6 37. f3 Qh6 38. Qe4+ Kh3 39.
Qf5+ Kh4 40. Qe4+ Kh3 41. Qe5 Rg2 42. Qf5+ Kg3 43. Qe5+ Kh3 44. Qf5+ Kg3
1/2-1/2

[Event "10. Kreuzberg Open"]
[Site "Berlin"]
[Date "2009.07.24"]
[Round "7.1"]
[White "Von Herman, Ulf"]
[Black "Rabiega, Robert"]
[Result "1/2-1/2"]
[WhiteElo "2400"]
[BlackElo "2551"]
[PlyCount "24"]
[EventDate "2009.??.??"]
[WhiteTeam "SK König Tegel 1949 e.V."]
[BlackTeam "SK König Tegel 1949 e.V."]

1. e4 e5 2. Nf3 Nc6 3. Bb5 a6 4. Ba4 Nf6 5. O-O b5 6. Bb3 Be7 7. Re1 O-O 8. c3
d6 9. h3 Re8 10. d4 Bb7 11. Ng5 Rf8 12. Nf3 Re8 1/2-1/2

[Event "10. Kreuzberg Open"]
[Site "Berlin"]
[Date "2009.07.24"]
[Round "7.2"]
[White "Abel, Dennes"]
[Black "Schlemermeyer, Wilhelm"]
[Result "1-0"]
[WhiteElo "2328"]
[BlackElo "2270"]
[PlyCount "66"]
[EventDate "2009.??.??"]
[WhiteTeam "Sfrd. Berlin 1903 e.V."]
[BlackTeam "SC Kreuzberg e.V."]

1. d4 Nf6 2. c4 c5 3. d5 b5 4. cxb5 a6 5. f3 g6 6. e4 Bg7 7. Nc3 O-O 8. Be3 d6
9. Qd2 Nbd7 10. a4 Ne5 11. Be2 e6 12. dxe6 Bxe6 13. Nh3 Nc4 14. Bxc4 Bxc4 15.
Kf2 axb5 16. axb5 Rb8 17. Rhd1 d5 18. exd5 Bxb5 19. Bxc5 Re8 20. Kg1 Bc4 21. d6
Bb3 22. Re1 Bf8 23. Nf2 Nd7 24. Rxe8 Qxe8 25. Ba3 Nb6 26. Nfe4 Bg7 27. Qf4 f5
28. Nc5 Be5 29. Qh4 Bf7 30. Re1 Nc4 31. Nd3 Nxa3 32. Nxe5 Nc2 33. Re2 Rb4 1-0

[Event "10. Kreuzberg Open"]
[Site "Berlin"]
[Date "2009.07.24"]
[Round "7.3"]
[White "Lüders, Gerhard"]
[Black "Figura, Atila Gajo"]
[Result "1/2-1/2"]
[WhiteElo "2254"]
[BlackElo "2436"]
[PlyCount "123"]
[EventDate "2009.??.??"]
[WhiteTeam "BSC Rehberge 1945 e.V."]
[BlackTeam "SC Kreuzberg e.V."]

1. d4 Nf6 2. Nf3 e6 3. e3 b6 4. Nbd2 Bb7 5. Bd3 c5 6. c3 Nc6 7. a3 d5 8. O-O
Bd6 9. e4 cxd4 10. cxd4 dxe4 11. Nxe4 Nd5 12. Bg5 Be7 13. Rc1 {(=)} O-O 14. Bb1
Rc8 15. Re1 Bxg5 16. Nexg5 Nf6 17. Ne5 h6 18. Ne4 Nd5 19. Nc4 Nce7 20. Ned6 Rc7
21. Qd3 Nf6 22. Nxb7 Rxb7 23. Ne5 Rc7 24. Rcd1 Qd6 25. Ng4 Ned5 26. Re5 Rd8 27.
h3 Kf8 28. Qf3 Rdc8 29. g3 Rc1 30. Ree1 Rxd1 31. Rxd1 Nxg4 32. Qxg4 Nf6 33. Qf3
Qc6 34. Qe2 Kg8 35. Qd2 Rd8 36. Qe2 a5 37. Bc2 Rd6 38. Bb1 Qd7 39. Qe3 Nd5 40.
Qe4 f5 41. Qe5 Kh8 42. Ba2 Ne7 43. Qe3 Nc6 44. d5 Ne7 45. Qe5 Nxd5 46. Rd4 Kh7
47. g4 g6 48. gxf5 gxf5 49. Kf1 Qb5+ 50. Bc4 Qc5 51. Bxd5 Rxd5 52. Rxd5 Qxd5
53. Qc7+ Kg6 54. Qxb6 f4 55. Ke2 Qe4+ 56. Kd2 a4 57. Qb4 Qf3 58. Qd4 Qxh3 59.
Qxa4 Qf3 {(=)} 60. Qd4 Kf7 61. a4 e5 62. Qd7+ {(=)} 1/2-1/2

[Event "10. Kreuzberg Open"]
[Site "Berlin"]
[Date "2009.07.24"]
[Round "7.4"]
[White "Gebigke, Martin"]
[Black "Kiesekamp, Marcos"]
[Result "1-0"]
[WhiteElo "2186"]
[BlackElo "2334"]
[PlyCount "61"]
[EventDate "2009.??.??"]
[WhiteTeam "SV Berolina Mitte e.V."]
[BlackTeam "TuS Makkabi Berlin e.V."]

1. d4 d5 2. Nf3 e6 3. g3 Nf6 4. Bg2 c5 5. O-O cxd4 6. Nxd4 e5 7. Nf3 Nc6 8. c4
d4 9. b4 e4 10. Ng5 Bxb4 11. Nxe4 Nxe4 12. Bxe4 Bh3 13. Qa4 Qb6 14. Rd1 O-O 15.
Nd2 d3 16. Bxd3 Qc7 17. Nf3 h6 18. Bf4 Qe7 19. Rab1 Bc5 20. Qb5 Nb4 21. Rxb4
Bxb4 22. Qh5 Bc8 23. h4 Bc3 24. Bd6 Qf6 25. Bxf8 Kxf8 26. Be4 Qe7 27. Bd5 Be6
28. Rd3 Bf6 29. Re3 Qc5 30. Ne5 Bxd5 31. Nd7+ 1-0

[Event "10. Kreuzberg Open"]
[Site "Berlin"]
[Date "2009.07.24"]
[Round "7.5"]
[White "Schatz, Walter"]
[Black "Gaerths, Ronny"]
[Result "1/2-1/2"]
[WhiteElo "2219"]
[BlackElo "2243"]
[PlyCount "26"]
[EventDate "2009.??.??"]
[WhiteTeam "TSG Neuruppin"]
[BlackTeam "Betriebsschach-TT/Wilheil-"]

1. d4 d6 2. e4 Nf6 3. Nc3 e5 4. Nf3 exd4 5. Qxd4 Be7 6. Bf4 O-O 7. O-O-O Nc6 8.
Qd2 Bg4 9. h3 Bxf3 10. gxf3 Ne5 11. Be2 Ng6 12. Be3 c6 13. f4 b5 1/2-1/2

[Event "10. Kreuzberg Open"]
[Site "Berlin"]
[Date "2009.07.24"]
[Round "7.6"]
[White "Krausser, Helmut"]
[Black "Giemsa, Stephan"]
[Result "0-1"]
[WhiteElo "2118"]
[BlackElo "2301"]
[PlyCount "52"]
[EventDate "2009.??.??"]
[WhiteTeam "SC Unterpfaffenhofen"]
[BlackTeam "SK König Tegel 1949 e.V."]

1. e4 e6 2. Nc3 d5 3. Nf3 Nf6 4. d3 c5 5. Bg5 d4 6. Ne2 Qc7 7. g3 Nc6 8. Bg2
Be7 9. O-O O-O 10. Qc1 e5 11. h3 Be6 12. Nh4 Qd7 13. f4 Bxh3 14. f5 Bxg2 15.
Nxg2 Ng4 16. Nh4 f6 17. Bd2 c4 18. Kg2 Rac8 19. Rh1 Bb4 20. c3 dxc3 21. Nxc3
Qxd3 22. Qe1 Rfd8 23. Rd1 Bc5 24. Rf1 Be3 25. Nf3 Bxd2 26. Rxd2 Ne3+ 0-1

[Event "10. Kreuzberg Open"]
[Site "Berlin"]
[Date "2009.07.24"]
[Round "7.7"]
[White "Jahnz, Fabian"]
[Black "Shapiro, Yosip"]
[Result "1-0"]
[WhiteElo "2191"]
[BlackElo "2120"]
[PlyCount "43"]
[EventDate "2009.??.??"]
[WhiteTeam "SK König Tegel 1949 e.V."]
[BlackTeam "SV Berolina Mitte e.V."]

1. e4 c5 2. c3 Qa5 3. Nf3 Nc6 4. Bc4 b5 5. Bb3 c4 6. Bc2 d6 7. O-O Bg4 8. d4 e5
9. b4 Qc7 10. d5 Nb8 11. a4 bxa4 12. Bxa4+ Nd7 13. Bc6 O-O-O 14. Be3 Nb6 15.
Ra6 Qb8 16. Bxb6 axb6 17. Ra8 Qxa8 18. Bxa8 Kc7 19. Qa4 Rb8 20. Qa7+ Kc8 21.
Na3 b5 22. Nxb5 1-0

[Event "10. Kreuzberg Open"]
[Site "Berlin"]
[Date "2009.07.24"]
[Round "7.8"]
[White "Dufner, Andreas"]
[Black "Kupfer, Michael"]
[Result "0-1"]
[WhiteElo "2061"]
[BlackElo "2198"]
[PlyCount "94"]
[EventDate "2009.??.??"]
[WhiteTeam "SC Kreuzberg e.V."]
[BlackTeam "SC Friesen Lichtenberg e.V."]

1. d4 d5 2. c4 dxc4 3. Nf3 Nf6 4. Qa4+ c6 5. Qxc4 b5 6. Qc2 Bb7 7. e4 e6 8. a3
a6 9. Bd3 Nbd7 10. Be3 Ng4 11. Bg5 Qc7 12. Nc3 c5 13. d5 c4 14. Be2 Bc5 15. Bh4
Qb6 16. O-O e5 17. b3 cxb3 18. Qxb3 O-O 19. Rab1 Qd6 20. Bg3 Ngf6 21. Nh4 g6
22. Kh1 Bd4 23. Bf3 Rac8 24. Ne2 Bc5 25. a4 b4 26. a5 Qc7 27. Qa4 Ba8 28. Nc1
Bd6 29. Nd3 Nc5 30. Nxc5 Qxc5 31. Qa1 Qc3 32. Qa4 Qc2 33. Rxb4 Bxb4 34. Qxb4
Qc4 35. Qb1 Rb8 36. Qa1 Nxe4 37. Bxe5 Nd2 38. Rd1 Nxf3 39. Nxf3 Rbd8 40. d6
Bxf3 41. gxf3 Qe6 42. Bg7 Rfe8 43. Qd4 Rd7 44. Bf6 Qf5 45. Bh4 Qxf3+ 46. Kg1
Re4 47. Qd5 Re1+ 0-1

[Event "10. Kreuzberg Open"]
[Site "Berlin"]
[Date "2009.07.24"]
[Round "7.9"]
[White "Cusnariov, Nicolai"]
[Black "Hahlbohm, Matthias"]
[Result "1/2-1/2"]
[WhiteElo "2166"]
[BlackElo "2084"]
[PlyCount "46"]
[EventDate "2009.??.??"]
[WhiteTeam "USV Potsdam e.V., Abt. Schach"]
[BlackTeam "TSG Oberschöneweide e.V."]

1. c4 Nf6 2. Nc3 d5 3. cxd5 Nxd5 4. d4 g6 5. g3 Bg7 6. Bg2 Nxc3 7. bxc3 O-O 8.
Nf3 c5 9. O-O cxd4 10. cxd4 Nc6 11. e3 e5 12. Ba3 Re8 13. d5 e4 14. dxc6 exf3
15. Qxd8 Rxd8 16. Rad1 Bg4 17. Rxd8+ Rxd8 18. c7 Rc8 19. Rd1 h5 20. Rd8+ Kh7
21. Rxc8 Bxc8 22. Bxf3 Be5 23. Bd5 Kg8 1/2-1/2

[Event "10. Kreuzberg Open"]
[Site "Berlin"]
[Date "2009.07.24"]
[Round "7.10"]
[White "Zschäbitz, Klaus"]
[Black "Niehaus, Frank"]
[Result "0-1"]
[WhiteElo "2101"]
[BlackElo "2149"]
[PlyCount "62"]
[EventDate "2009.??.??"]
[WhiteTeam "BSG 1827 Eckbauer e.V."]
[BlackTeam "Sfrd. Berlin 1903 e.V."]

1. d4 Nf6 2. c4 g6 3. Nc3 Bg7 4. e4 d6 5. Nf3 O-O 6. h3 e5 7. d5 Na6 8. Be3 Nc5
9. Nd2 a5 10. g4 Bd7 11. Be2 c6 12. g5 Ne8 13. Nb3 Na6 14. Bg4 f5 15. gxf6 Bxg4
16. Qxg4 Nxf6 17. Qe2 cxd5 18. cxd5 a4 19. Nd2 Nb4 20. Nc4 b5 21. Nxb5 Nxe4 22.
Bb6 Qd7 23. Nc7 Nxf2 24. O-O Nxh3+ 25. Kh1 Rac8 26. Rxf8+ Rxf8 27. Ne6 Nxd5 28.
Nxf8 Bxf8 29. Qf3 Ndf4 30. Be3 Ng5 31. Qd1 Qc6+ 0-1

[Event "10. Kreuzberg Open"]
[Site "Berlin"]
[Date "2009.07.24"]
[Round "7.11"]
[White "Albrecht, Rainer"]
[Black "Richter, Götz"]
[Result "0-1"]
[WhiteElo "2141"]
[BlackElo "2019"]
[PlyCount "90"]
[EventDate "2009.??.??"]
[WhiteTeam "SC Kreuzberg e.V."]
[BlackTeam "Klub Kölner Schachfreunde e.V. 1"]

1. d4 Nf6 2. c4 e6 3. Nc3 Bb4 4. f3 c5 5. d5 Nh5 6. Nh3 O-O 7. Nf2 f5 8. e3 Nf6
9. e4 fxe4 10. fxe4 exd5 11. cxd5 d6 12. Bd3 c4 13. Be2 Bc5 14. O-O b5 15. Bf3
Nbd7 16. a3 Ne5 17. Kh1 Qb6 18. Qe2 Nxf3 19. gxf3 Nh5 20. e5 dxe5 21. Qxe5 Bxf2
22. Qxh5 Bd4 23. Bg5 g6 24. Qh4 Bb7 25. Rad1 Bf6 26. Ne4 Bd8 27. d6 Rf5 28.
Bxd8 Qxd8 29. Qe7 Bc6 30. Qxd8+ Rxd8 31. Kg2 Kf7 32. Rfe1 Re5 33. Kg3 Bxe4 34.
fxe4 Ke6 35. a4 a6 36. axb5 axb5 37. d7 Rxd7 38. Rxd7 Kxd7 39. Kf4 Ke6 40. Ra1
Rc5 41. Ra6+ Kd7 42. Ra7+ Rc7 43. Ra5 Kc6 44. Ke5 Re7+ 45. Kd4 Rd7+ 0-1

[Event "10. Kreuzberg Open"]
[Site "Berlin"]
[Date "2009.07.25"]
[Round "8.1"]
[White "Abel, Dennes"]
[Black "Von Herman, Ulf"]
[Result "1/2-1/2"]
[WhiteElo "2328"]
[BlackElo "2400"]
[PlyCount "33"]
[EventDate "2009.??.??"]
[WhiteTeam "Sfrd. Berlin 1903 e.V."]
[BlackTeam "SK König Tegel 1949 e.V."]

1. d4 Nf6 2. c4 e6 3. g3 Bb4+ 4. Bd2 a5 5. Bg2 O-O 6. Nf3 b6 7. Ne5 Ra7 8. Nd3
c5 9. Nxb4 axb4 10. Bf4 d6 11. dxc5 bxc5 12. O-O Ne8 13. Nd2 e5 14. Be3 Bb7 15.
Bxb7 Rxb7 16. Ne4 Rd7 17. f4 1/2-1/2

[Event "10. Kreuzberg Open"]
[Site "Berlin"]
[Date "2009.07.25"]
[Round "8.2"]
[White "Rabiega, Robert"]
[Black "Gebigke, Martin"]
[Result "1-0"]
[WhiteElo "2551"]
[BlackElo "2186"]
[PlyCount "75"]
[EventDate "2009.??.??"]
[WhiteTeam "SK König Tegel 1949 e.V."]
[BlackTeam "SV Berolina Mitte e.V."]

1. e4 c5 2. c3 Nf6 3. e5 Nd5 4. Nf3 Nc6 5. Bc4 Nb6 6. Bb3 c4 7. Bc2 Qc7 8. Qe2
g5 9. h3 Bg7 10. O-O Nxe5 11. Nxg5 d6 12. a4 h6 13. Nf3 Be6 14. Na3 a6 15. Nd4
Bd7 16. Nf5 Bxf5 17. Bxf5 e6 18. Bc2 d5 19. f4 Nc6 20. d4 cxd3 21. Bxd3 O-O-O
22. Nc2 Rhg8 23. Be3 Bf6 24. Bxa6 d4 25. Nxd4 Bxd4 26. Bxd4 Rxd4 27. cxd4 bxa6
28. Qxa6+ Qb7 29. Qe2 Nxd4 30. Rac1+ Kb8 31. Qe5+ Ka8 32. Qa5+ Kb8 33. Rf2 Nd5
34. Qe1 Qa7 35. Kh1 Ka8 36. b4 Qb7 37. Rc5 Nxf4 38. Ra5+ 1-0

[Event "10. Kreuzberg Open"]
[Site "Berlin"]
[Date "2009.07.25"]
[Round "8.3"]
[White "Figura, Atila Gajo"]
[Black "Schatz, Walter"]
[Result "1-0"]
[WhiteElo "2436"]
[BlackElo "2219"]
[PlyCount "71"]
[EventDate "2009.??.??"]
[WhiteTeam "SC Kreuzberg e.V."]
[BlackTeam "TSG Neuruppin"]

1. d4 d5 2. c4 c6 3. Nc3 Nf6 4. e3 g6 5. Nf3 Bg7 6. h3 O-O 7. Be2 a6 8. O-O b5
9. c5 Nbd7 10. b4 e5 11. Nxe5 Nxe5 12. dxe5 Nd7 13. f4 a5 14. Ba3 f6 15. Bxb5
Nb8 16. Be2 fxe5 17. Rc1 axb4 18. Bxb4 Na6 19. a3 Qe7 20. Qd2 Nc7 21. Rce1 Qh4
22. Rf3 Bf5 23. Bf1 Rfd8 24. Ne2 Be4 25. Rf2 d4 26. fxe5 dxe3 27. Qxe3 Bxe5 28.
g3 Nd5 29. Qb3 Qg5 30. Bg2 Bxg2 31. Kxg2 Rf8 32. Ref1 Kg7 33. Rxf8 Ne3+ 34. Kh1
Rxf8 35. Rxf8 Kxf8 36. Bd2 1-0

[Event "10. Kreuzberg Open"]
[Site "Berlin"]
[Date "2009.07.25"]
[Round "8.4"]
[White "Giemsa, Stephan"]
[Black "Jahnz, Fabian"]
[Result "1-0"]
[WhiteElo "2301"]
[BlackElo "2191"]
[PlyCount "177"]
[EventDate "2009.??.??"]
[WhiteTeam "SK König Tegel 1949 e.V."]
[BlackTeam "SK König Tegel 1949 e.V."]

1. d4 d5 2. c4 e6 3. Nf3 Nf6 4. g3 dxc4 5. Bg2 c5 6. O-O Nc6 7. Qa4 cxd4 8.
Nxd4 Qxd4 9. Bxc6+ Bd7 10. Rd1 Qxd1+ 11. Qxd1 Bxc6 12. Nd2 b5 13. a4 Be7 14.
axb5 Bxb5 15. Nxc4 O-O 16. Na3 Bc6 17. f3 Rfd8 18. Qe1 Rab8 19. Kg2 Nd5 20. Nc4
Bb5 21. b3 a6 22. Ba3 Bxc4 23. Bxe7 Re8 24. bxc4 Nxe7 25. Rxa6 Rbc8 26. Qb4 h6
27. Rb6 Nc6 28. Qa4 Ne5 29. c5 Red8 30. Rd6 Re8 31. Qb3 Ng6 32. c6 Ne7 33. c7
Nd5 34. Rd7 Nf6 35. Rd1 Rxc7 36. Kf2 Rec8 37. Rd2 Rc5 38. Qb7 R5c7 39. Qb6 Rc6
40. Rd8+ Rxd8 41. Qxd8+ Kh7 42. Qf8 Rc7 43. g4 Rd7 44. h4 Nd5 45. h5 Nf6 46. e4
Rd2+ 47. Kg3 Rd7 48. e5 Nd5 49. f4 Rc7 50. f5 Rc3+ 51. Kf2 Rc7 52. g5 hxg5 53.
f6 gxf6 54. h6 Kg6 55. Qg7+ Kf5 56. h7 Rc8 57. exf6 Nxf6 58. h8=Q Rxh8 59. Qxh8
e5 60. Qg7 Ne4+ 61. Ke3 Nd6 62. Qh6 f6 63. Qh3+ Kg6 64. Qd7 Nf5+ 65. Ke4 Ng3+
66. Kd5 Ne2 67. Qe8+ Kf5 68. Qc8+ Kf4 69. Ke6 f5 70. Qc7 Nd4+ 71. Kf6 Nf3 72.
Qc8 Nd4 73. Qc1+ Ke4 74. Qe1+ Kd3 75. Qxe5 f4 76. Qxg5 f3 77. Qf4 Ke2 78. Qe4+
Kf1 79. Qd3+ Kg2 80. Qg6+ Kf1 81. Qb1+ Kg2 82. Qe4 Kg1 83. Qxd4+ f2 84. Kf5 Kg2
85. Qd2 Kg1 86. Kg4 Kh1 87. Qd1+ Kg2 88. Qe2 Kg1 89. Kg3 1-0

[Event "10. Kreuzberg Open"]
[Site "Berlin"]
[Date "2009.07.25"]
[Round "8.5"]
[White "Schlemermeyer, Wilhelm"]
[Black "Richter, Götz"]
[Result "1-0"]
[WhiteElo "2270"]
[BlackElo "2019"]
[PlyCount "53"]
[EventDate "2009.??.??"]
[WhiteTeam "SC Kreuzberg e.V."]
[BlackTeam "Klub Kölner Schachfreunde e.V. 1"]

1. c4 Nf6 2. g3 e6 3. Bg2 d5 4. Nf3 c6 5. b3 Be7 6. Bb2 O-O 7. O-O a5 8. a3 b5
9. d3 Nbd7 10. Nbd2 Rb8 11. Qc2 Ba6 12. Rfc1 c5 13. e3 Qb6 14. Rab1 Rfc8 15.
Re1 Qd8 16. e4 Nb6 17. exd5 exd5 18. Bh3 Rc7 19. cxb5 Bxb5 20. Rbc1 Nfd7 21.
Nd4 Ba6 22. Rxe7 cxd4 23. Qxc7 Qxe7 24. Qf4 f6 25. Bxd4 Bxd3 26. Bxb6 Rxb6 27.
Qd4 1-0